Twice Member by Interesting Fact - Statistics

General Stats
  • This quiz has been taken 962 times
  • The average score is 5 of 9
Answer Stats
Hint Answer % Correct
She did ballet for 11 years Mina
98%
Her family has three dogs named Petco, Pudding, and Lucky Momo
68%
She became a JYP trainee when she was a third grader Jihyo
67%
Her nicknames are "chocolate", "chewy", and "Yoda" Tzuyu
65%
Her left leg is weak due to being in a car accident as a child Nayeon
58%
She doesn't like beans Chaeyoung
54%
She got cast while she was shopping with her friends Sana
54%
She auditioned and got accepted to SM, JYP, and YG, but chose JYP Dahyun
53%
She is ambidextrous Jungyeon
10%
No matching quizzes found
Score Distribution
Percent of People with Each Score
Percentile by Number Answered
Your Score History
You have not taken this quiz